Approximate man, and other writings /
Sábháilte in:
| Príomhchruthaitheoir: | |
|---|---|
| Formáid: | Anaithnid |
| Teanga: | English |
| Foilsithe / Cruthaithe: |
Detroit :
Wayne State University Press,
1973.
|
| Ábhair: | |
| Clibeanna: |
Cuir clib leis
Níl clibeanna ann, Bí ar an gcéad duine le clib a chur leis an taifead seo!
|
MARC
| LEADER | 000000000a22000000004500 | ||
|---|---|---|---|
| 001 | 014236 | ||
| 020 | |a 0814314821 | ||
| 041 | 0 | |a eng | |
| 082 | 0 | 4 | |a 841.912 |b T998a |
| 100 | 1 | |a Tzara, Tristan, |d 1896-1963. | |
| 245 | 1 | 0 | |a Approximate man, and other writings / |c Tristan Tzara. |
| 260 | 1 | |a Detroit : |b Wayne State University Press, |c 1973. | |
| 300 | |a 267 páginas | ||
| 650 | 4 | |a TZARA, TRISTAN, 1896-1963 | |
| 650 | 4 | |a POESIA | |
| 500 | |a Colección George Yúdice | ||
| 999 | |c 20131 |d 20131 | ||
| 942 | |c BK |h 841.912 T998a |2 z | ||



